| 000 | 01091nam a22003257a 4500 | ||
|---|---|---|---|
| 003 | CHAP | ||
| 005 | 20220817043256.0 | ||
| 008 | 971013s1983 r 00010 d | ||
| 010 | _a70271 | ||
| 011 | _a71243 | ||
| 035 | _a80797 | ||
| 040 | _cCHAP | ||
| 082 |
_a636.2 _bB33 |
||
| 100 | 0 | 0 |
_aBaker, Frank H. _eed. _99542 |
| 245 | _aDairy science handbook | ||
| 260 |
_aBoulder, Colorado : _bWinrock International, _c1983 |
||
| 300 |
_a526 p. _b: ilus ; gráfs |
||
| 490 |
_aInternational stockmen's school handbooks _v; 15 |
||
| 590 |
_aBATCH-UPD _b10 _c20130109 _lUCH01 _h2348 |
||
| 590 |
_aBATCH-UPD _b10 _c20130110 _lUCH01 _h0808 |
||
| 590 |
_aBATCH-UPD _b10 _c20130409 _lUCH01 _h1918 |
||
| 590 |
_aBATCH-UPD _b10 _c20130914 _lUCH01 _h1517 |
||
| 590 |
_aCONVERSION _b10 _c20130109 _lUCH01 _h1339 |
||
| 650 | 1 | 4 |
_aGanado lechero. _945237 |
| 650 | 1 | 4 | _aProcesamiento automático de datos en ganadería. |
| 830 | 0 |
_aInternational stockmen's school handbooks _v; 15 _959841 |
|
| 901 | _aBK | ||
| 942 | _cLIBRO | ||
| 949 |
_a636.2 B33 _bBC _cLIBRO _d33724000266292 _eLIBRO _gI. 123502 _h63403 _i80797 _si |
||
| 999 |
_c70271 _d70271 |
||